| 000 | 00623nam a22002057a 4500 | ||
|---|---|---|---|
| 999 |
_c6098 _d6098 |
||
| 003 | OSt | ||
| 005 | 20211206161805.0 | ||
| 008 | 180423b xxu||||| |||| 00| 0 eng d | ||
| 020 | _a1133366171 | ||
| 040 | _cDDC | ||
| 082 | _a657 WEI 2013 | ||
| 100 |
_aWei, Roam L.; Schipper, Katherine; Jennifer,Francis _912621 |
||
| 245 | _aFinancial Accounting: an introduction to concepts, methods, and uses | ||
| 250 | _a14th ed. | ||
| 260 | _aUSA; Cengage Learning, 2013 | ||
| 300 | _axvii,936p; col.ill: 28cm | ||
| 504 | _aAppendices, glossary, & index included | ||
| 650 |
_aFinancial accounting _95655 |
||
| 942 |
_2ddc _cB_BANK |
||